[Event "SV Wattenscheid 1 - SVG Plettenberg 1"]
[Site "Oberliga NRW 2014/2015"]
[Date "2015.02.08"]
[Round "6.7"]
[White "Gutheil, Heinrich"]
[Black "Hirsch, Stefan"]
[Result "1/2-1/2"]
[WhiteElo "2137"]
[BlackElo "2226"]
[PlyCount "50"]
[EventDate "2015.??.??"]
[WhiteTeam "SVG Plettenberg 1"]
[BlackTeam "SV Wattenscheid 1"]

1. e4 e5 2. Nc3 Nf6 3. f4 d5 4. fxe5 Nxe4 5. d3 Qh4+ 6. g3 Nxg3 7. Nf3 Qh5 8.
Nxd5 Nxh1 9. Nxc7+ Kd8 10. Nxa8 Bg4 11. Bg2 Nc6 12. d4 Bxf3 13. Qxf3 Qxf3 14.
Bxf3 Nxd4 15. Be4 Kc8 16. Be3 Bc5 17. Bxd4 Bxd4 18. Bxh1 Rd8 19. Rd1 Bf2+ 20.
Ke2 Rxd1 21. Kxd1 Kb8 22. c3 Bg1 23. h3 Bh2 24. Bd5 Bxe5 25. Bxf7 Kxa8 1/2-1/2

[Event "SV Wattenscheid 1 - SVG Plettenberg 1"]
[Site "Oberliga NRW 2014/2015"]
[Date "2015.02.08"]
[Round "6.8"]
[White "De Weerd, Warner"]
[Black "Kuhnen, Thomas"]
[Result "1-0"]
[WhiteElo "2196"]
[BlackElo "2056"]
[PlyCount "81"]
[EventDate "2015.??.??"]
[WhiteTeam "SV Wattenscheid 1"]
[BlackTeam "SVG Plettenberg 1"]

1. d4 d5 2. c4 e6 3. g3 Nf6 4. Bg2 c6 5. Qc2 Nbd7 6. Nf3 Bb4+ 7. Nbd2 Ne4 8.
O-O f5 9. a3 Bd6 10. Ne1 Nxd2 11. Bxd2 O-O 12. b3 Qf6 13. Bc3 h5 14. Nf3 Qe7
15. Qd2 g6 16. Bb4 Kg7 17. Bxd6 Qxd6 18. Qg5 Rf7 19. Rfd1 Nf8 20. Ne5 Rc7 21.
h4 Qe7 22. Qf4 Nh7 23. Bf3 Nf8 24. Rac1 Qd8 25. b4 a6 26. a4 Re7 27. Kg2 Nh7
28. e3 Bd7 29. b5 Rc8 30. bxa6 bxa6 31. Rb1 Be8 32. c5 Qa5 33. Rb6 Qxa4 34.
Rdb1 Rcc7 35. Be2 Qc2 36. Bd3 Qd2 37. Bxa6 Nf6 38. Rb7 Rxb7 39. Bxb7 Ne4 40.
Bxc6 Nc3 41. Rb8 1-0

[Event "SF Lieme 1 - SV Würselen 1"]
[Site "Oberliga NRW 2014/2015"]
[Date "2015.02.08"]
[Round "6.1"]
[White "Hovhannisyan, Mher"]
[Black "Wittke, Rene"]
[Result "1-0"]
[WhiteElo "2503"]
[BlackElo "2169"]
[PlyCount "49"]
[EventDate "2015.??.??"]
[WhiteTeam "SV Würselen 1"]
[BlackTeam "SF Lieme 1"]

1. e4 c5 2. c3 d5 3. exd5 Qxd5 4. d4 g6 5. Nf3 Bg7 6. Be2 cxd4 7. cxd4 Nf6 8.
Nc3 Qd8 9. O-O O-O 10. Re1 Nbd7 11. a4 Nb6 12. a5 Nbd5 13. Bc4 Be6 14. Qb3 h6
15. Ne5 Nc7 16. Nxg6 fxg6 17. Bxe6+ Nxe6 18. Qxe6+ Rf7 19. d5 Rc8 20. a6 bxa6
21. Rxa6 Rxc3 22. bxc3 Qxd5 23. Rxa7 Qxe6 24. Rxe6 Nd5 25. c4 1-0

[Event "SF Lieme 1 - SV Würselen 1"]
[Site "Oberliga NRW 2014/2015"]
[Date "2015.02.08"]
[Round "6.2"]
[White "Essing, Arnold"]
[Black "Docx, Stefan"]
[Result "1/2-1/2"]
[WhiteElo "2162"]
[BlackElo "2436"]
[Annotator "Hausrath,Daniel"]
[PlyCount "64"]
[EventDate "2015.??.??"]
[WhiteTeam "SF Lieme 1"]
[BlackTeam "SV Würselen 1"]

1. d4 d6 2. Nf3 g6 3. c4 Bg7 4. Nc3 Nf6 5. h3 O-O 6. Bf4 c5 7. e3 cxd4 8. exd4
d5 9. Be2 Nc6 10. Bh2 dxc4 11. Bxc4 Na5 12. Be2 Be6 13. O-O Rc8 14. Ne5 Nc4 15.
Nxc4 Bxc4 16. Bxc4 Rxc4 17. Qb3 Rxd4 18. Qxb7 Rd7 19. Qa6 Qc8 20. Qe2 Rfd8 21.
Rad1 $11 Qb7 22. Be5 Nd5 23. Nxd5 Rxd5 24. Bxg7 Kxg7 25. Rxd5 Rxd5 26. Qc4 Rg5
27. Qc3+ f6 28. f3 Qb6+ 29. Kh1 Rc5 30. Qe3 Kf7 31. Rc1 Rc6 32. Qh6 Rxc1+
1/2-1/2

[Event "SF Lieme 1 - SV Würselen 1"]
[Site "Oberliga NRW 2014/2015"]
[Date "2015.02.08"]
[Round "6.3"]
[White "Beukema, Stefan"]
[Black "Himpenmacher, Andy"]
[Result "1/2-1/2"]
[WhiteElo "2283"]
[BlackElo "2115"]
[Annotator "Hausrath,Daniel"]
[PlyCount "131"]
[EventDate "2015.??.??"]
[WhiteTeam "SV Würselen 1"]
[BlackTeam "SF Lieme 1"]

1. e4 c5 2. Nf3 g6 3. d4 cxd4 4. Nxd4 Nc6 5. c4 Nf6 6. Nc3 Nxd4 7. Qxd4 d6 8.
Be3 Bg7 9. f3 O-O 10. Qd2 a6 11. Be2 Be6 12. Rc1 Qa5 13. O-O Rfc8 14. b3 b5 15.
Nb1 Qxd2 16. Nxd2 b4 17. c5 d5 18. e5 Nd7 19. f4 Nb8 20. Nf3 Bd7 21. a3 bxa3
22. Ra1 Bb5 23. Kf2 Nc6 24. Rxa3 f6 25. e6 f5 26. Rd1 Nb4 27. Bxb5 axb5 28.
Rxa8 Rxa8 29. Nd4 Ra3 30. c6 Bxd4 31. Rxd4 Nxc6 32. Rxd5 Rxb3 33. Rc5 Nb4 34.
Ke2 Nd3 35. Rd5 Nb4 36. Rxb5 Rb2+ 37. Bd2 Nd3 38. Rxb2 Nxb2 39. Bb4 Kf8 40. Ke3
Nd1+ 41. Ke2 Nb2 42. Kd2 Nc4+ 43. Kd3 Nb2+ 44. Kd4 Nd1 45. Be1 Kg7 46. Kd3 Nb2+
$11 47. Kd4 Nd1 48. Bh4 Kf8 49. h3 Nb2 50. g4 fxg4 51. hxg4 h5 52. g5 Na4 53.
f5 gxf5 54. Ke5 Kg7 55. Kxf5 Nc5 56. Be1 Nd3 57. Bc3+ Kg8 58. Bd4 h4 59. Kg4 h3
60. Bg1 Kg7 61. Kxh3 Nf4+ 62. Kg4 Nxe6 63. Kf5 Nxg5 64. Kxg5 e5 65. Kf5 e4 66.
Kxe4 1/2-1/2

[Event "SF Lieme 1 - SV Würselen 1"]
[Site "Oberliga NRW 2014/2015"]
[Date "2015.02.08"]
[Round "6.4"]
[White "Schaffarczyk, Andre"]
[Black "Goossens, Etienne"]
[Result "1/2-1/2"]
[WhiteElo "2115"]
[BlackElo "2177"]
[PlyCount "40"]
[EventDate "2015.??.??"]
[WhiteTeam "SF Lieme 1"]
[BlackTeam "SV Würselen 1"]

1. e4 e5 2. Nf3 Nc6 3. Nc3 Nf6 4. d4 exd4 5. Nxd4 Bb4 6. Nxc6 bxc6 7. Bd3 d5 8.
exd5 cxd5 9. O-O O-O 10. h3 c6 11. Bf4 Bd6 12. Qf3 Rb8 13. b3 Re8 14. Ne2 c5
15. Bxd6 Qxd6 16. c4 d4 17. Qf4 Rb6 18. Qd2 Bb7 19. Rfe1 h6 20. Ng3 Qd7 1/2-1/2

[Event "SF Lieme 1 - SV Würselen 1"]
[Site "Oberliga NRW 2014/2015"]
[Date "2015.02.08"]
[Round "6.6"]
[White "Stork, Holger"]
[Black "Bien, Stefan"]
[Result "1/2-1/2"]
[WhiteElo "2051"]
[BlackElo "2062"]
[PlyCount "34"]
[EventDate "2015.??.??"]
[WhiteTeam "SF Lieme 1"]
[BlackTeam "SV Würselen 1"]

1. e4 c6 2. d3 d5 3. Nd2 Nf6 4. Ngf3 Bg4 5. h3 Bxf3 6. Qxf3 Nbd7 7. g3 e6 8.
Bg2 Be7 9. O-O Qc7 10. a4 O-O 11. Qe2 dxe4 12. dxe4 Rad8 13. Qc4 Qb6 14. Nb3
Qb4 15. Qxb4 Bxb4 16. Be3 a6 17. c3 Be7 1/2-1/2

[Event "SF Lieme 1 - SV Würselen 1"]
[Site "Oberliga NRW 2014/2015"]
[Date "2015.02.08"]
[Round "6.7"]
[White "Heinichen, Nils"]
[Black "Schulte, Oliver"]
[Result "1-0"]
[WhiteElo "2075"]
[BlackElo "1968"]
[Annotator "Hausrath,Daniel"]
[PlyCount "81"]
[EventDate "2015.??.??"]
[WhiteTeam "SV Würselen 1"]
[BlackTeam "SF Lieme 1"]

1. d4 Nf6 2. Nf3 e6 3. c4 d5 4. Nc3 Nbd7 5. e3 Be7 6. Bd3 O-O 7. O-O a6 8. b3
b6 9. Bb2 Bb7 10. Qe2 c5 11. cxd5 exd5 12. Ne5 Ne4 13. Nxd7 Qxd7 14. Na4 Qe6
15. Rac1 Rfc8 16. Rfd1 Rc6 $11 17. Bxe4 Qxe4 18. dxc5 Bxc5 19. Nc3 Qh4 20. Nxd5
Rh6 21. h3 Rg6 22. Qf3 Re8 23. Rc4 Qd8 24. e4 Qb8 25. Bd4 Bxd4 26. Rcxd4 Rge6
27. g3 h6 28. Qd3 b5 29. b4 Rc6 30. Ne7+ Rxe7 31. Rd8+ Re8 32. Rxb8 Rxb8 33.
Qd7 Rc4 34. f3 Rcc8 35. Qe7 Re8 36. Qc7 Rec8 37. Qa5 Re8 38. Qc7 Rec8 39. Qf4
Re8 40. Rd7 Rf8 41. Rxf7 1-0

[Event "SF Lieme 1 - SV Würselen 1"]
[Site "Oberliga NRW 2014/2015"]
[Date "2015.02.08"]
[Round "6.8"]
[White "Mbarek, Najd"]
[Black "Popielas, Hans"]
[Result "1/2-1/2"]
[WhiteElo "1944"]
[BlackElo "1783"]
[PlyCount "108"]
[EventDate "2015.??.??"]
[WhiteTeam "SF Lieme 1"]
[BlackTeam "SV Würselen 1"]

1. e4 d5 2. e5 e6 3. d4 c5 4. c3 Nc6 5. Nf3 b6 6. a3 Bd7 7. Bd3 a5 8. O-O c4 9.
Bc2 b5 10. Bg5 Be7 11. Be3 a4 12. Nbd2 h5 13. h3 Nh6 14. Nh2 g6 15. Bxh6 Rxh6
16. f4 Qb6 17. Ndf3 O-O-O 18. h4 Rg8 19. Ng5 Be8 20. Nhf3 Rhh8 21. Qe1 Bd8 22.
Rf2 Ne7 23. g3 Rg7 24. Rd1 Ng8 25. Rdd2 Nh6 26. Rh2 Kb7 27. Bd1 Ng4 28. Rh1 Ka6
29. Nh2 Nxh2 30. Rdxh2 Bxg5 31. hxg5 Rhg8 32. g4 hxg4 33. Bxg4 Qd8 34. Rh6 Bd7
35. R1h4 Qf8 36. Qg3 Kb7 37. Qh3 Kc7 38. Kf2 Bc8 39. Kg3 Bd7 40. Rh8 Rxh8 41.
Rxh8 Rg8 42. Rh7 Kd8 43. Qh6 Ke8 44. Bf3 Bc6 45. Kh4 Kd8 46. Bg4 Bd7 47. Kg3
Ke8 48. Bf3 Bc6 49. Qh1 Rg7 50. Bd1 Rxh7 51. Qxh7 Bd7 52. Bc2 Kd8 53. Kg4 Ke8
54. Bb1 Kd8 1/2-1/2

[Event "PSV Duisburg 1 - Klub Kölner SF 1"]
[Site "Oberliga NRW 2014/2015"]
[Date "2015.02.08"]
[Round "6.1"]
[White "Morawietz, Dieter"]
[Black "Fleck, Juergen"]
[Result "1/2-1/2"]
[WhiteElo "2390"]
[BlackElo "2329"]
[PlyCount "57"]
[EventDate "2015.??.??"]
[WhiteTeam "Klub Kölner SF 1"]
[BlackTeam "PSV Duisburg 1"]

1. e4 c5 2. Nf3 d6 3. d4 Nf6 4. Nc3 cxd4 5. Nxd4 g6 6. Be3 Bg7 7. Be2 Nc6 8.
Qd2 Ng4 9. Bxg4 Bxg4 10. f3 Bd7 11. O-O-O Ne5 12. b3 Qa5 13. Kb1 Rc8 14. Nd5
Qxd2 15. Rxd2 b5 16. Ne2 Nc6 17. h4 f5 18. h5 gxh5 19. Ng3 fxe4 20. Nxh5 Rg8
21. Nxg7+ Rxg7 22. fxe4 Kf7 23. Rf2+ Kg8 24. Rhf1 h5 25. Bh6 Rg6 26. Bf8 Re8
27. Nc7 Rb8 28. Nd5 Re8 29. Nc7 1/2-1/2

[Event "PSV Duisburg 1 - Klub Kölner SF 1"]
[Site "Oberliga NRW 2014/2015"]
[Date "2015.02.08"]
[Round "6.2"]
[White "Schiffer, Kai-Uwe"]
[Black "Helbig, Mark"]
[Result "0-1"]
[WhiteElo "2234"]
[BlackElo "2264"]
[Annotator "Hausrath,Daniel"]
[PlyCount "70"]
[EventDate "2015.??.??"]
[WhiteTeam "PSV Duisburg 1"]
[BlackTeam "Klub Kölner SF 1"]

1. e4 d5 2. exd5 Qxd5 3. Nf3 Bg4 4. Be2 Nc6 5. d4 e5 6. dxe5 Bxf3 7. Bxf3 Qxd1+
8. Bxd1 Nxe5 9. O-O O-O-O 10. Re1 $11 Bc5 11. Nc3 f6 12. Na4 Bd6 13. f4 Nc6 14.
Be3 Nge7 15. g3 Rhe8 16. a3 Nf5 17. Bg4 g6 18. c4 Re4 19. b3 Rde8 20. Kf2 Na5
21. Rab1 Bxa3 22. Bd2 Nc6 23. b4 Rxe1 24. Bxe1 Re4 25. Rb3 Bxb4 26. Bxb4 Rxc4
27. Bc3 Rxa4 28. Bxf6 Ra2+ 29. Kf3 a6 30. h4 h5 31. Bh3 Rh2 32. Bxf5+ gxf5 33.
Rd3 Ra2 34. Re3 Kd7 35. Rd3+ Ke6 0-1

[Event "PSV Duisburg 1 - Klub Kölner SF 1"]
[Site "Oberliga NRW 2014/2015"]
[Date "2015.02.08"]
[Round "6.3"]
[White "Wacker, Peter"]
[Black "Schmitz, Joachim"]
[Result "1/2-1/2"]
[WhiteElo "2297"]
[BlackElo "2208"]
[PlyCount "58"]
[EventDate "2015.??.??"]
[WhiteTeam "Klub Kölner SF 1"]
[BlackTeam "PSV Duisburg 1"]

1. e4 c5 2. Nf3 Nc6 3. Bb5 d6 4. O-O Bd7 5. Re1 Nf6 6. c3 a6 7. Bf1 Bg4 8. h3
Bxf3 9. Qxf3 g6 10. Qd1 Bh6 11. Na3 O-O 12. Nc2 Rc8 13. b3 Re8 14. Bb2 Bg7 15.
g3 e6 16. d3 Nd7 17. Qd2 Qa5 18. Bg2 b5 19. a3 Qc7 20. Ne3 Na5 21. Qc2 c4 22.
dxc4 bxc4 23. b4 Nb3 24. Rad1 Nb6 25. Bf1 Red8 26. a4 a5 27. bxa5 Nxa5 28. Ba3
Ra8 29. Bb4 Nc6 1/2-1/2

[Event "PSV Duisburg 1 - Klub Kölner SF 1"]
[Site "Oberliga NRW 2014/2015"]
[Date "2015.02.08"]
[Round "6.5"]
[White "Ludwig, Peter"]
[Black "Maslak, Sulejman"]
[Result "1/2-1/2"]
[WhiteElo "2177"]
[BlackElo "2273"]
[PlyCount "120"]
[EventDate "2015.??.??"]
[WhiteTeam "Klub Kölner SF 1"]
[BlackTeam "PSV Duisburg 1"]

1. Nf3 d5 2. c4 c6 3. g3 dxc4 4. Bg2 b5 5. O-O Bb7 6. a4 a6 7. b3 cxb3 8. Qxb3
e6 9. d4 Nf6 10. Rd1 Be7 11. Ne5 Nd5 12. e4 Nf6 13. Nc3 Qc8 14. Ba3 Bxa3 15.
Qxa3 Nbd7 16. Nd3 Qd8 17. d5 cxd5 18. exd5 Qb6 19. dxe6 fxe6 20. Bxb7 Qxb7 21.
axb5 a5 22. Re1 Kf7 23. Nf4 Rhe8 24. Rad1 g5 25. Nd3 e5 26. Re2 Rac8 27. Qxa5
e4 28. Ne1 Ne5 29. Qa2+ Kg7 30. Nd5 Nxd5 31. Rxd5 Nf3+ 32. Kg2 g4 33. Nc2 Rxc2
34. Rxc2 Ne1+ 35. Kg1 Nxc2 36. Qb2+ Kg6 37. Rd6+ Kf7 38. Qxc2 Qxb5 39. Qa2+ Kg7
40. Rd5 Qc6 41. Rg5+ Kh6 42. Rxg4 e3 43. Qa7 exf2+ 44. Qxf2 Qd6 45. Rh4+ Kg7
46. Rg4+ Kh6 47. Rd4 Qe5 48. Qd2+ Qe3+ 49. Qxe3+ Rxe3 50. Kf2 Ra3 51. h3 Kg6
52. Rd6+ Kg5 53. Rd5+ Kg6 54. Kg2 h5 55. Rd6+ Kg7 56. Re6 Rb3 57. Re2 Kg6 58.
Rf2 Ra3 59. Re2 Rb3 60. Kf2 h4 1/2-1/2

[Event "PSV Duisburg 1 - Klub Kölner SF 1"]
[Site "Oberliga NRW 2014/2015"]
[Date "2015.02.08"]
[Round "6.6"]
[White "Heisel, Guido"]
[Black "Bonnmann, Reinhard"]
[Result "0-1"]
[WhiteElo "2091"]
[BlackElo "2183"]
[PlyCount "86"]
[EventDate "2015.??.??"]
[WhiteTeam "PSV Duisburg 1"]
[BlackTeam "Klub Kölner SF 1"]

1. d4 Nf6 2. Bg5 d5 3. e3 g6 4. Bxf6 exf6 5. g3 c6 6. Bg2 Bd6 7. Ne2 Nd7 8. Nd2
f5 9. c4 dxc4 10. Nxc4 Nf6 11. a3 O-O 12. h4 Bc7 13. Nf4 h5 14. Bf3 Bxf4 15.
exf4 Be6 16. Ne3 Qb6 17. O-O Rad8 18. b4 Rxd4 19. Qc1 Rfd8 20. Qc3 Ne4 21. Bxe4
Rxe4 22. Rad1 Red4 23. Rfe1 Rxd1 24. Rxd1 Rxd1+ 25. Nxd1 Qd8 26. Ne3 Qd6 27.
Kf1 b6 28. Ke2 c5 29. Nc2 Qd5 30. Ne3 Qa2+ 31. Ke1 Qb1+ 32. Kd2 cxb4 33. axb4
a5 34. bxa5 Qa2+ 35. Kd3 bxa5 36. Kd4 a4 37. Ke5 a3 38. Nc2 Qd5+ 39. Kf6 a2 40.
Na1 Kh7 41. Kg5 Qd8+ 42. Qf6 Qf8 43. Qe5 f6+ 0-1

[Event "PSV Duisburg 1 - Klub Kölner SF 1"]
[Site "Oberliga NRW 2014/2015"]
[Date "2015.02.08"]
[Round "6.7"]
[White "Wisskirchen, Andreas"]
[Black "Kleff, Andre"]
[Result "1-0"]
[WhiteElo "2181"]
[BlackElo "2108"]
[Annotator "Hausrath,Daniel"]
[PlyCount "71"]
[EventDate "2015.??.??"]
[WhiteTeam "Klub Kölner SF 1"]
[BlackTeam "PSV Duisburg 1"]

1. d4 d5 2. Nf3 Bf5 3. c4 e6 4. Nc3 Nc6 5. cxd5 exd5 6. Bf4 Bb4 7. Rc1 Nge7 8.
e3 O-O 9. Be2 h6 10. O-O Bd6 11. Bg3 a6 12. Ne1 Be6 $11 13. Bf3 Na5 14. Nd3 c6
15. Bxd6 Qxd6 16. b3 Rad8 17. Qd2 b6 18. Na4 Qb8 19. Qb4 Nc8 20. Rc3 f6 21.
Rfc1 Bf7 22. Bg4 c5 23. Rxc5 Nb7 24. Rxc8 Rxc8 25. Rxc8 Rxc8 26. Bxc8 Qxc8 27.
Qc3 Qe6 28. Nf4 Qf5 29. Qd3 Qc8 30. h3 b5 31. Nc5 Nxc5 32. Qc2 g5 33. Ne2 Qd8
34. dxc5 Kg7 35. c6 Qc7 36. Nd4 1-0

[Event "PSV Duisburg 1 - Klub Kölner SF 1"]
[Site "Oberliga NRW 2014/2015"]
[Date "2015.02.08"]
[Round "6.8"]
[White "Sponheim, Marko"]
[Black "Meertens, Martin"]
[Result "1/2-1/2"]
[WhiteElo "1948"]
[BlackElo "2102"]
[PlyCount "40"]
[EventDate "2015.??.??"]
[WhiteTeam "PSV Duisburg 1"]
[BlackTeam "Klub Kölner SF 1"]

1. e4 c5 2. c4 Nc6 3. Nc3 g6 4. g3 Bg7 5. Bg2 d6 6. Nge2 e6 7. O-O Nge7 8. Rb1
O-O 9. a3 b6 10. b4 Bb7 11. d3 Qd7 12. Be3 Nd4 13. f4 f5 14. Qd2 Nec6 15. Bf2
Rac8 16. bxc5 dxc5 17. e5 Rfd8 18. Rfd1 Bf8 19. Qb2 Be7 20. Nxd4 Nxd4 1/2-1/2

[Event "Oberliga NRW"]
[Site "Düsseldorf"]
[Date "2015.02.08"]
[Round "6"]
[White "Miedema, David"]
[Black "Stark, Lars"]
[Result "1/2-1/2"]
[WhiteElo "2341"]
[BlackElo "2436"]
[PlyCount "90"]
[WhiteTeam "SG Porz 2"]
[BlackTeam "Düsseldorfer SK"]

1. d4 Nf6 2. c4 e6 3. Nf3 b6 4. g3 Ba6 5. Qb3 c5 6. d5 exd5 7. cxd5 g6 8. Nc3
Bg7 9. e4 Bxf1 10. Kxf1 d6 11. Qb5+ Nfd7 12. Bf4 O-O 13. Bxd6 Re8 14. Qd3 Qc8
15. Kg2 Na6 16. Qc4 Nb4 17. Nb5 Nf6 18. e5 Nfxd5 19. a3 Qe6 20. Rhc1 a6 21.
axb4 axb5 22. Qxb5 Nf4+ 23. gxf4 Qg4+ 24. Kf1 Qxf3 25. bxc5 bxc5 26. Rxa8 Qh1+
27. Ke2 Qe4+ 28. Kd1 Qd5+ 29. Ke1 Qe4+ 30. Qe2 Qxa8 31. f3 Bh6 32. Rc4 Qa1+ 33.
Kf2 Qh1 34. Kg3 Qg1+ 35. Kh3 Bf8 36. Re4 Re6 37. Bxf8 Kxf8 38. Qe1 Qxe1 39.
Rxe1 Rb6 40. Re2 Rb3 41. Kg4 Ke7 42. h4 h5+ 43. Kg3 Ke6 44. Rd2 Rb6 45. Rc2 Rb5
1/2-1/2

[Event "Oberliga NRW"]
[Site "Düsseldorf"]
[Date "2015.02.08"]
[Round "6"]
[White "Schuh, Dirk"]
[Black "Korotkjevich, Stanislav"]
[Result "1/2-1/2"]
[WhiteElo "2367"]
[BlackElo "2371"]
[PlyCount "133"]
[WhiteTeam "Düsseldorfer SK"]
[BlackTeam "SG Porz 2"]

1. e4 d6 2. d4 Nf6 3. Nc3 c6 4. f4 Bg4 5. Qd3 g6 6. h3 Be6 7. f5 Bc8 8. Bg5 d5
9. fxg6 hxg6 10. Bxf6 exf6 11. exd5 cxd5 12. O-O-O Be6 13. Qf3 Nc6 14. Nge2
Bh6+ 15. Kb1 f5 16. Nf4 Bxf4 17. Qxf4 Rh4 18. Qf2 Qf6 19. Bb5 Kf8 20. Bxc6 bxc6
21. g3 Rh8 22. h4 Kg7 23. Na4 Rae8 24. Nc5 Bc8 25. Rde1 Qd6 26. Re3 Rxe3 27.
Qxe3 Bd7 28. Re1 Re8 29. Qf2 f6 30. Rxe8 Bxe8 31. Qe3 Bf7 32. Kc1 Qc7 33. a4
Qd8 34. b3 Qd6 35. Kd2 Qc7 36. Ke1 Qd8 37. Kf2 Qc7 38. c3 Qd6 39. Kg2 Kh7 40.
Qf2 Kg7 41. b4 Kh7 42. Qf4 Qxf4 43. gxf4 Kg7 44. Kg3 Kf8 45. Nd3 Be8 46. Kf3
Ke7 47. Ke3 Kd6 48. Nf2 Bd7 49. Nh1 Be8 50. Ng3 Ke6 51. Kf3 Bf7 52. Nf1 Be8 53.
Ne3 Bf7 54. Ke2 Be8 55. Kf3 Bf7 56. Ke2 Be8 57. Kd2 Bd7 58. Kd3 Be8 59. c4
dxc4+ 60. Kxc4 Kd6 61. b5 cxb5+ 62. axb5 Bf7+ 63. Kb4 Be6 64. Ka5 Bc8 65. Ka4
Bd7 66. Kb4 Be6 67. Ka5 1/2-1/2

[Event "Oberliga NRW"]
[Site "Düsseldorf"]
[Date "2015.02.08"]
[Round "6"]
[White "Peschlow, Patrick"]
[Black "de Gleria, Francesco"]
[Result "1-0"]
[WhiteElo "2344"]
[BlackElo "2387"]
[PlyCount "121"]
[WhiteTeam "SG Porz 2"]
[BlackTeam "Düsseldorfer SK"]

1. e4 e5 2. Nf3 Nc6 3. Bb5 a6 4. Bxc6 dxc6 5. O-O Bd6 6. d4 Bg4 7. dxe5 Bxf3 8.
Qxf3 Bxe5 9. Qb3 b6 10. Nd2 Nf6 11. Nf3 Qe7 12. Nxe5 Qxe5 13. f3 O-O 14. Be3 c5
15. Rad1 Rad8 16. c3 h6 17. Rxd8 Rxd8 18. Rd1 Rd6 19. Rxd6 Qxd6 20. Qc2 Nd7 21.
Qd2 Qxd2 22. Bxd2 Ne5 23. Bf4 Nd3 24. Bxc7 Nxb2 25. Bxb6 Na4 26. Ba5 Kf8 27.
Kf1 Ke7 28. Ke2 Kd7 29. c4 f6 30. Kd3 Nb2+ 31. Kc3 Nd1+ 32. Kd2 Nb2 33. Kc3
Nd1+ 34. Kb3 Ne3 35. g4 Nf1 36. h3 Nh2 37. f4 Nf3 38. Bc3 Ng1 39. h4 Nh3 40. e5
fxe5 41. Bxe5 Nf2 42. Bxg7 Nxg4 43. Bf8 Kc6 44. Kc3 h5 45. f5 Ne3 46. f6 Ng4
47. Be7 Ne5 48. Kb3 Nf7 49. Kc2 Ne5 50. Kc3 Kb6 51. Bd6 Nf7 52. Bf4 Kc6 53. Kb3
Kb6 54. Kc3 Kc6 55. Kd3 Kd7 56. Ke4 Ke6 57. Bg3 Kxf6 58. Kd5 Kf5 59. Kxc5 Kg4
60. Be1 Ne5 61. Kd5 1-0

[Event "Oberliga NRW"]
[Site "Düsseldorf"]
[Date "2015.02.08"]
[Round "6"]
[White "Lauzeningks, Jan"]
[Black "Gallinnis, Norbert"]
[Result "1/2-1/2"]
[WhiteElo "2310"]
[BlackElo "2279"]
[PlyCount "101"]
[WhiteTeam "Düsseldorfer SK"]
[BlackTeam "SG Porz 2"]

1. d4 Nf6 2. Bg5 Ne4 3. Bf4 c5 4. d5 Qb6 5. Bc1 g6 6. f3 Nf6 7. e4 d6 8. c4 Bg7
9. Nc3 O-O 10. Bd3 e6 11. Nge2 exd5 12. exd5 Nbd7 13. f4 Ne8 14. O-O f5 15. Qc2
a6 16. Kh1 Qc7 17. b3 Nef6 18. Bb2 Nh5 19. Rae1 Ndf6 20. a3 Bd7 21. b4 b6 22.
Ng1 Rab8 23. Qd2 Rfe8 24. Nf3 Rxe1 25. Rxe1 Re8 26. Rxe8+ Nxe8 27. g3 Bf6 28.
Qe2 Nhg7 29. Kg2 h6 30. Nd1 Qd8 31. Bc3 Kf7 32. Qb2 Qc7 33. bxc5 bxc5 34. h3
Bxc3 35. Nxc3 Nf6 36. Nd2 g5 37. fxg5 hxg5 38. Nf3 Nh7 39. Qd2 Qd8 40. Ne2 Kg8
41. h4 gxh4 42. Nxh4 Bc8 43. Nf4 Nf6 44. Ne6 Nxe6 45. dxe6 Bxe6 46. Nxf5 Kf7
47. Qh6 Bxf5 48. Bxf5 Qe7 49. Qd2 Qe5 50. Qd3 Kg7 51. Bc8 1/2-1/2

[Event "Oberliga NRW"]
[Site "Düsseldorf"]
[Date "2015.02.08"]
[Round "6"]
[White "Pauly, Carlo"]
[Black "Berndt, Axel"]
[Result "1-0"]
[WhiteElo "2249"]
[BlackElo "2241"]
[PlyCount "49"]
[WhiteTeam "SG Porz 2"]
[BlackTeam "Düsseldorfer SK"]

1. d4 Nf6 2. c4 c5 3. d5 b5 4. cxb5 a6 5. bxa6 g6 6. Nc3 Bxa6 7. f4 Bg7 8. Nf3
Qa5 9. Bd2 O-O 10. e4 d6 11. Be2 Qb6 12. O-O c4+ 13. Kh1 Ng4 14. Qc1 Bxc3 15.
Bxc3 Nf2+ 16. Rxf2 Qxf2 17. f5 f6 18. fxg6 Kg7 19. Qd2 hxg6 20. Rf1 Qa7 21. Nh4
Nd7 22. Qg5 Rg8 23. Bh5 Kf7 24. Nxg6 Ke8 25. Nf4+ 1-0

[Event "Oberliga NRW"]
[Site "Düsseldorf"]
[Date "2015.02.08"]
[Round "6"]
[White "Partenheimer, Axel"]
[Black "Wagenknecht, Uwe"]
[Result "1/2-1/2"]
[WhiteElo "2144"]
[BlackElo "2190"]
[PlyCount "42"]
[WhiteTeam "Düsseldorfer SK"]
[BlackTeam "SG Porz 2"]

1. Nf3 Nf6 2. c4 b6 3. g3 Bb7 4. Bg2 c5 5. O-O g6 6. b3 Bg7 7. Bb2 O-O 8. d4
cxd4 9. Qxd4 d6 10. Nc3 Nbd7 11. Qe3 Rc8 12. Rac1 Re8 13. Rfd1 Rc5 14. Rc2 Qa8
15. Ne1 a6 16. Bxb7 Qxb7 17. Nd3 Rh5 18. Qf3 Qxf3 19. exf3 Rf5 20. f4 g5 21.
fxg5 Rxg5 1/2-1/2

[Event "Oberliga NRW"]
[Site "Düsseldorf"]
[Date "2015.02.08"]
[Round "6"]
[White "Liard, Thibaud"]
[Black "Probst, Andreas"]
[Result "1-0"]
[WhiteElo "2191"]
[BlackElo "2041"]
[Annotator "Dr. Baier,Johannes"]
[PlyCount "74"]
[WhiteTeam "SG Porz 2"]
[BlackTeam "Düsseldorfer SK"]

1. d4 Nf6 2. c4 g6 3. Nc3 Bg7 4. e4 d6 5. Nf3 O-O 6. Be2 e5 7. O-O Nc6 8. d5
Ne7 9. b4 Nh5 10. Re1 Nf4 11. Bf1 f5 12. Nd2 g5 13. c5 Rf6 14. g3 Rh6 15. gxf4
exf4 16. Bb2 g4 17. Na4 Bxb2 18. Nxb2 Ng6 19. Nd3 Qh4 20. h3 f3 21. cxd6 cxd6
22. Rc1 Qg5 23. exf5 Bxf5 24. Ne4 Bxe4 25. Rxe4 Rxh3 26. Rc7 Rh5 27. Qe1 Ne5
28. Nxe5 dxe5 29. Qc1 Qf5 30. Rec4 Rf8 31. Rc8 g3 32. Rxf8+ Kxf8 33. Rc8+ Kg7
34. Qc7+ Kh6 35. Qd6+ Kg5 36. Rg8+ Kf4 37. Rf8 Rg5 {(ZÜ)} 1-0

[Event "Oberliga NRW"]
[Site "Düsseldorf"]
[Date "2015.02.08"]
[Round "6"]
[White "Herzum, Peter"]
[Black "Fieberg, Samuel"]
[Result "1-0"]
[WhiteElo "1998"]
[BlackElo "1994"]
[PlyCount "69"]
[WhiteTeam "Düsseldorfer SK"]
[BlackTeam "SG Porz 2"]

1. e4 c5 2. Nf3 d6 3. d4 cxd4 4. Nxd4 Nf6 5. Nc3 a6 6. Be2 e5 7. Nb3 Be7 8. Bg5
Nbd7 9. Qd3 O-O 10. a4 h6 11. Be3 b6 12. O-O Bb7 13. Rfd1 Rc8 14. f3 Qc7 15.
Qd2 Rfd8 16. Qe1 d5 17. exd5 Bb4 18. d6 Bxd6 19. Qh4 Nc5 20. Bxh6 Nxb3 21. cxb3
Nh7 22. Be3 Bc5 23. Qf2 Nf6 24. Bxc5 bxc5 25. Bc4 Rd4 26. Ne2 Rdd8 27. Rac1 e4
28. fxe4 Nxe4 29. Qh4 Nf6 30. Nf4 Qc6 31. Rxd8+ Rxd8 32. Bf1 Rd2 33. Qg5 Ne4
34. Qe5 Rxb2 35. Qxb2 1-0

[Event "PSV Duisburg 1 - Klub Kölner SF 1"]
[Site "Oberliga NRW 2014/2015"]
[Date "2015.02.08"]
[Round "6.4"]
[White "Wengenroth, Walter"]
[Black "Zuse, Peter"]
[Result "1/2-1/2"]
[WhiteElo "2200"]
[BlackElo "2243"]
[Annotator "Hausrath,Daniel"]
[PlyCount "168"]
[EventDate "2015.??.??"]
[WhiteTeam "PSV Duisburg 1"]
[BlackTeam "Klub Kölner SF 1"]

{Notation liegt nicht vor!} 1. d4 Nf6 2. Nf3 g6 3. Bg5 Bg7 4. Nbd2 d5 5. e3 O-O
6. c3 a5 7. Bd3 c5 8. a4 Qb6 9. Rb1 Nc6 10. O-O Bf5 11. Bxf5 gxf5 12. Ne5 Rad8
13. Qb3 Qc7 14. Bf4 Nxe5 15. Bxe5 Qc6 16. Bxf6 c4 17. Qc2 Bxf6 18. b3 cxb3 19.
Qxb3 e6 20. c4 dxc4 21. Nxc4 Ra8 22. Qb5 Bd8 23. Qxc6 bxc6 24. Ne5 Kg7 25. Nxc6
Bf6 26. Rb6 Rfc8 27. g3 Rc7 28. Rfb1 Rac8 29. Nxa5 Ra8 30. Nb3 Rxa4 31. Nc5
Raa7 32. Rb7 Be7 33. Rxc7 Rxc7 34. Rb7 Rxb7 35. Nxb7 Bb4 36. Nc5 Kf6 37. Nd3
Bd6 38. Kg2 Bc7 39. Kf3 Bd6 40. Ke2 Bc7 41. Nc5 Ke7 42. Kd3 Kd6 43. Kc4 Kc6 44.
Nd3 Kd6 45. f3 Ba5 46. e4 fxe4 47. fxe4 Bd2 48. Nc5 Be3 49. e5+ Ke7 50. Ne4 Kf8
51. Kd3 Bc1 52. Nf6 Kg7 53. Ke4 Kg6 54. Ne8 Bb2 55. Nf6 Bc3 56. Ng4 Ba5 57. Nf2
Bb6 58. Nd3 Ba5 59. Nf4+ Kg7 60. d5 exd5+ 61. Kxd5 Bb6 62. Ke4 Ba5 63. Kf5 Bb6
64. g4 Ba5 65. Nh5+ Kg8 66. g5 Bb6 67. Nf6+ Kg7 68. Ng4 Ba5 69. h4 Be1 70. h5
Bd2 71. Nf6 Ba5 72. Ne8+ Kg8 73. Nd6 Bd8 74. Ne4 Ba5 75. Nd6 Bd8 76. Kf4 Ba5
77. Ke3 Bd8 78. Ne4 Bb6+ 79. Kd3 Kg7 80. Nd6 Bd8 81. Ne8+ Kh8 82. Nf6 h6 83.
Ke4 hxg5 84. Kf5 Bc7 1/2-1/2